International management behavior

Bibliographic Details
Main Author: DiStefano, Joseph J. , III (Author)
Corporate Author: Lane, Henry W.
Format: Book
Published: Boston, Mass. : PWS-Kent , c1992
Edition:2nd ed.
Subjects:

MARC

LEADER 00000cam a2200000 7i4500
001 0000001471
005 20171231093000.0
008 021118n
020 |a 0534929338 
090 0 0 |a HD62.4   |b .L36 1991 
110 0 |a Lane, Henry W. ,   |d 1942- 
245 0 0 |a International management behavior   |c Henry W. Lane, Joseph J. DiStefano 
250 |a 2nd ed. 
260 2 |a Boston, Mass. :   |b PWS-Kent ,   |c c1992 
300 |a xviii, 478 p. ; ;   |c 23 cm. 
501 |a Includes index 
650 0 |a International business enterprises   |x Management 
650 0 |a Culture 
650 0 |a Organizational behavior 
700 0 |a DiStefano, Joseph J. ,   |c III ,   |e author 
999 |a 1000000095   |b Book   |c OPEN SHELF (30 DAYS)   |e Gong Badak Campus 
999 |a 1000000096   |b Book   |c OPEN SHELF (30 DAYS)   |e Gong Badak Campus